000 01303nam a2200337 i 4500
001 184857
003 ES-MaACL
005 20240228131830.0
007 t|
008 160205s2015 sp l |||| | spa d
020 _a978-84-16268-81-8
080 _a347.965
245 0 0 _aMemento práctico Francis Lefebvre.
_pAcceso a la abogacía 2015-2016 /
_c[dirección, Mª José López Álvarez ; coordinación, Federico de Montalvo Jaaskelainen ; autores, Joaquín Almogueras Carreres...].
246 3 8 _aMemento acceso a la abogacía
_b: 2015-2016
246 3 0 _aAcceso a la abogacía
_b: 2015-2016
250 _aAct. a 18 sept. 2015.
260 _aMadrid :
_bFrancis Lefebvre,
_c2015.
300 _a1080 p., [16] p. ;
_c24 cm.
490 1 _aMementos prácticos
500 _aAnexo legislativo.
500 _aÍndices.
650 _aAbogados-
_zEspaña.
_99565
650 0 7 _aPráctica del derecho.
_9152018
700 1 _aLópez Álvarez, María José.
_9158693
700 1 _aMontalvo Jääskeläinen, Federico de.
_9158694
710 2 _aEdiciones Francis Lefebvre.
_9158696
830 0 _aMementos prácticos
_9192240
852 _aES-MaACL
_jA-15295
_9191872
_bR.151081
_cDEPO1
_dOlim: L 347.965 "2015/16" mem
_dOlim: Meseton
_hDonación: Editorial
942 _2udc
999 _c184857
_d184857